Statistiques concernant Cercles impériaux

Cliquez ici pour prendre le quiz!

Statistiques générales

  • Ce quiz a été pris 14 fois
  • Le résultat moyen est 5 sur 11

Statistiques - réponses

DatesCercle% Correct
1512 - 1806Autriche
89%
1500 - 1806Bavière
89%
1500 - 1512Saxe
67%
1500 - 1806Souabe
44%
1512 - 1806Bourgogne
44%
1500 - 1806Bas-Rhin-Westphalie
33%
1512 - 1806Basse-Saxe
33%
1512 - 1806Haute-Saxe
33%
1500 - 1806Franconie
22%
1500 - 1806Haut-Rhin
22%
1512 - 1806Rhénanie électorale
22%

Distribution des résultats

Percentile par nombre de réponses

% des personnes avec chaque résultat

Votre développement - résultats

Vous n’avez pas pris ce quiz